000 00629nam a2200193Ia 4500
005 20230413132750.0
008 131103s9999 xx 000 0 und d
040 _aLoreto College
041 _aEnglish
082 _a823.5
_bFIE
100 _aFielding, Henry
245 4 _aThe History of the adventure of Joseph Andrews and his friend Mr. Abraham Adams
_cHenry Fielding; with an introduction by Howard Mumford Jones
260 _aNew York
_bThe Modern Library
_c1950
300 _axxxix,424 p.
440 _aThe Modern Library of the world's best books
700 _aJones, Howard Mumford
850 _aLCLIB
942 _cBK
999 _c6488
_d56967